000 00535nam a22001937a 4500
999 _c12445
_d12445
008 231005b 2000 ||||| |||| 00| 0 eng d
020 _a9780133910612
082 _a621.4022
_bARP
100 _aArpaci, Vedat S.
245 _aIntroduction to heat transfer
260 _aLondon
_bPrentice Hall, Inc.
_c2000
300 _ax, 611p.
650 _aSteady Conduction
650 _aComputational Conduction
650 _aHeat Exchangers
700 _aSelamet, Ahmet
_eco-author
700 _aKao, Shu-Hsin
_eco-author
942 _cBK